Digitálne zručnosti mladých v EÚ ako základný predpoklad využitia umelej inteligencie vo vzdelávaní

S rastúcim významom umelej inteligencie v spoločnosti sa digitálne zručnosti a digitálna gramotnosť stávajú nevyhnutnými predpokladmi predpokladmi jej efektívneho využitia v každodennom živote i vo vzdelávaní. Cieľom príspevku je identifikovať a analyzovať disparity v úrovni digitálnych zručností ml...

ver descrição completa

Na minha lista:
Detalhes bibliográficos
Autor principal: Gontkovičová, Barbora, 1986-
Formato: Capítulo de Livro
Idioma:eslovaco
Assuntos:
Tags: Adicionar Tag
Sem tags, seja o primeiro a adicionar uma tag!

MARC

LEADER 00000naa$a2200000$$$4500
001 0312775
005 20251015102740.0
041 0 |a slo 
044 |a SK 
245 1 0 |a Digitálne zručnosti mladých v EÚ ako základný predpoklad využitia umelej inteligencie vo vzdelávaní  |c Barbora Gontkovičová 
520 |a S rastúcim významom umelej inteligencie v spoločnosti sa digitálne zručnosti a digitálna gramotnosť stávajú nevyhnutnými predpokladmi predpokladmi jej efektívneho využitia v každodennom živote i vo vzdelávaní. Cieľom príspevku je identifikovať a analyzovať disparity v úrovni digitálnych zručností mládeže vo veku 16-24 rokov v rámci Európskej únie, keďže na základe úrovne týchto zručností možno posúdiť digitálnu pripravenosť mladej generácie pre modernú spoločnosť, vzdelávanie a trh práce. 
610 2 0 |a trh práce 
610 2 0 |a gramotnosť digitálna 
610 2 0 |a rozdiely generačné 
610 2 0 |a inteligencia umelá 
610 2 0 |a vzdelanie 
100 1 |a Gontkovičová, Barbora, 1986-